书目信息 |
| 题名: |
黄土丘陵沟壑区农业可持续发展实证研究
|
|
| 作者: | 张东伟 , 高世铭 著 | |
| 分册: | ||
| 出版信息: | 北京 中国环境科学出版社 2006 |
|
| 页数: | 12,186页 | |
| 开本: | 21cm | |
| 丛书名: | 博士文库 | |
| 单 册: | ||
| 中图分类: | F327.4 | |
| 科图分类: | ||
| 主题词: | 丘陵地 , 农业经济 , 沟壑 , 可持续发展 | |
| 电子资源: | ||
| ISBN: | 7-80209-406-2 | |
| 000 | 01167oam2 2200325 450 | |
| 001 | 003356551 | |
| 005 | 20070805092522.35 | |
| 010 | @a7-80209-406-2@dCNY20.00 | |
| 100 | @a20070125d2006 kemy0chiy0110 ea | |
| 101 | 0 | @achi |
| 102 | @aCN@b110000 | |
| 105 | @ay z 000yy | |
| 200 | 1 | @a黄土丘陵沟壑区农业可持续发展实证研究@9huang tu qiu ling gou he qu nong ye ke chi xu fa zhan shi zheng yan jiu@f张东伟,高世铭著 |
| 210 | @a北京@c中国环境科学出版社@d2006 | |
| 215 | @a12,186页@d21cm | |
| 225 | 2 | @a博士文库 |
| 330 | @a本书通过对黄土丘陵沟壑区农业可持续发展战略的研究,提出了以制度创新和技术创新为依托,以构建和完善绿色市场经济体系为手段,从而实现黄土高原丘陵沟壑区农业和农村经济可持续发展的宏观对策。 | |
| 461 | 0 | @12001 @a博士文库 |
| 606 | 0 | @a丘陵地 |
| 606 | 0 | @a农业经济 |
| 606 | 0 | @a沟壑 |
| 606 | 0 | @a可持续发展 |
| 607 | @a黄土高原@x丘陵地@x农业经济@x可持续发展@x研究 | |
| 607 | @a黄土高原 | |
| 607 | @a黄土高原@x沟壑@x农业经济@x可持续发展@x研究 | |
| 690 | @aF327.4@v4 | |
| 701 | 0 | @a张东伟@9zhang dong wei@f(1967.7~)@4著 |
| 701 | 0 | @a高世铭@9gao shi ming@f(1962.4~)@4著 |
| 801 | 0 | @aCN@bNLC@c20070805 |
| 905 | @a10447@dF327.4@e96 | |
| 黄土丘陵沟壑区农业可持续发展实证研究/张东伟,高世铭著.-北京:中国环境科学出版社,2006 |
| 12,186页;21cm.-(博士文库) |
| ISBN 7-80209-406-2:CNY20.00 |
| 本书通过对黄土丘陵沟壑区农业可持续发展战略的研究,提出了以制度创新和技术创新为依托,以构建和完善绿色市场经济体系为手段,从而实现黄土高原丘陵沟壑区农业和农村经济可持续发展的宏观对策。 |
| ● |
| 相关链接 |
|
|
|
|
正题名:黄土丘陵沟壑区农业可持续发展实证研究
索取号:F327.4/96
 
预约/预借
| 序号 | 登录号 | 条形码 | 馆藏地/架位号 | 状态 | 备注 |
| 1 | 0807859 | 208078596 | 第一样本阅览室/ [索取号:F327.4/96] | 在馆 | |
| 2 | 0807860 | 208078603 | 第一借阅区/ [索取号:F327.4/96] | 在馆 |